000 00714nam a2200181 a 4500
005 20140412111344.0
008 041109s19uu xx 00 eng d
020 _a1-8651-5722-8
050 _aTR(GS 372.19
_bH66 2002
100 _aHodges, Di
245 _a365 TV-Free Activities for Toddlers / :
_b1-4 years /
_cDi Hodges.
260 _aAustralia :
_bHinkler books,
_c2002.
300 _a384
520 _aWhatever the season or timme of day, this book will help children develop mental and physical skills through a huge range of imaginative activities.
650 _aPreschool education-- Curricula--handbooks, Manuals
650 _aCreative activities and seat work-- handbooks , manuals
999 _c105181
_d105181